Prénoms garçons 1998 - Statistiques

Statistiques générales
  • Ce quiz a été pris 198 fois
  • Le résultat moyen est 54 sur 100
Statistiques - réponses
Hint Lettre Prénoms % Correct
4 Q Quentin
90%
1 T Thomas
90%
65 J Jean
83%
8 J Julien
83%
11 T Théo
82%
7 A Antoine
80%
23 P Paul
79%
16 P Pierre
79%
43 L Léo
78%
6 L Lucas
78%
81 J Jules
77%
82 A Alex
76%
24 L Louis
76%
55 C Charles
75%
17 K Kevin
75%
12 V Valentin
75%
5 N Nicolas
74%
3 A Alexandre
73%
10 H Hugo
73%
26 M Mathieu
73%
2 M Maxime
73%
44 T Tom
73%
68 M Mathis
72%
28 N Nathan
71%
38 V Victor
71%
45 D Damien
69%
48 D David
69%
18 R Romain
69%
29 B Baptiste
68%
32 A Arthur
66%
15 F Florian
65%
62 V Vincent
65%
78 Y Yann
65%
9 C Clément
64%
14 A Alexis
63%
20 A Anthony
63%
63 G Gabriel
62%
27 J Jeremy
62%
35 S Simon
61%
49 W William
61%
31 B Bastien
60%
19 B Benjamin
59%
87 F François
59%
57 M Martin
58%
25 G Guillaume
57%
46 F Fabien
56%
99 J/B Jean Baptiste
56%
22 A Adrien
55%
21 C Corentin
55%
69 F Florent
55%
34 R Raphaël
55%
66 S Sebastien
55%
36 E Enzo
53%
30 J Jordan
51%
40 M Maxence
51%
37 A Axel
50%
91 M Mathias
50%
73 Y Yanis
50%
60 A Arnaud
49%
50 D Dorian
49%
39 T Thibault
49%
61 B Benoît
48%
13 D Dylan
48%
94 G Grégoire
48%
53 R Robin
48%
51 S Samuel
47%
80 G Grégory
46%
74 E Etienne
45%
47 M Matthieu
45%
33 R Rémi
45%
42 A Aurélien
44%
59 J Jonathan
44%
58 C Cédric
43%
77 T Tristan
42%
41 L Loïc
41%
100 M Maël
39%
97 A Antonin
38%
85 M Mickaël
38%
93 M Mohamed
38%
92 S Sylvain
38%
67 R Rémy
35%
76 D Dimitri
34%
95 Y Yoann
34%
71 L Ludovic
33%
72 B Bryan
31%
75 L Lilian
31%
64 T Thibaut
31%
84 C Cyril
29%
56 G Gaëtan
29%
79 C Christopher
27%
89 K Killian
27%
54 S Steven
25%
70 E Erwan
24%
98 M Morgan
24%
88 A Alan
22%
86 J Jason
22%
83 T Tanguy
20%
90 M Mehdi
19%
52 A Allan
17%
96 B Brandon
16%
Aucun quiz correspondant
Distribution des résultats
% des personnes avec chaque résultat
Percentile par nombre de réponses
Votre historique - résultats
Vous n’avez pas pris ce quiz